000 00314 a2200157 4500
001 193086
020 _a978-85-7530-397-9
040 _cMagnum
100 _aTrindade, Kátia
240 1 0 _aAmizade
_lpor
245 1 0 _aAmizade
300 _a15
362 0 _a2015
697 _aLITERATURA INFANTIL
942 _cBK
999 _c193086
_d193086